| 000 | 00778cam a22002773a 4500 | ||
|---|---|---|---|
| 001 | 24278 | ||
| 003 | PGUSA | ||
| 005 | 20140828083523.0 | ||
| 008 | 080114s2008||||xxu|||||s|||||000 1 eng d | ||
| 040 |
_aPGUSA _beng |
||
| 042 | _adc | ||
| 100 | 1 | _aPurdom, Thomas Edward | |
| 245 | 1 | 4 |
_aThe Green Beret _h[electronic resource] / _cThomas Edward Purdom |
| 260 |
_bProject Gutenberg, _c2008 |
||
| 506 | _aPublic domain in the USA. | ||
| 516 | _aElectronic text | ||
| 653 | _aAfrica -- Fiction | ||
| 653 | _aPolitical fiction | ||
| 653 | _aSoldiers -- Fiction | ||
| 653 | _aScience fiction | ||
| 653 | _aShort stories | ||
| 700 | 1 |
_aSchoenherr, John, _d1935-2010 |
|
| 830 | 0 |
_aProject Gutenberg _v24278 |
|
| 856 | 4 | 0 | _uhttp://www.gutenberg.org/ebooks/24278 |
| 942 | _cEB | ||
| 999 |
_c253533 _d253533 |
||